Normal view
MARC view
- جرائم الحاسبات الالكترونية-قوانين وتشريعات-المسؤولية الجزائية
Entry Topical Term
001 - CONTROL NUMBER
- control field: 61219
003 - CONTROL NUMBER IDENTIFIER
- control field: JO-AjAnu
005 - DATE AND TIME OF LATEST TRANSACTION
- control field: 20230606084014.0
008 - FIXED-LENGTH DATA ELEMENTS
- fixed length control field: 230606|| aca||aabn | a|a d
040 ## - CATALOGING SOURCE
- Original cataloging agency: JO-AjAnu
- Transcribing agency: JO-AjAnu
150 ## - HEADING--TOPICAL TERM
- Topical term or geographic name entry element: جرائم الحاسبات الالكترونية-قوانين وتشريعات-المسؤولية الجزائية
670 ## - SOURCE DATA FOUND
- Source citation: Work cat.: (JO-AjAnu)31224: اعداد الحروب، فيصل كمال محمد؛ اشراف احمد فهد البطوش, author 61218, المسؤولية الجزائية عن افعال الابتزاز عبر الوسائل الالكترونية = Crimminal Responsibility for Extortion Actions Through Electronic Means